Charakter a spôsob vedenia vojny v 21. storočí

Parametre zbraní v 20., 21. storčí. Ničivosť - dosah - rýchlosť - presnosť zbraní na začiatku 21. storočia. Vojna na nepriateľskom území, vojna mimo územia nepriateľských štátov, asymetrický nepriateľ na vlastnom území, spoločné bojisko bez hraníc a bojových línií. Klasická konvenčná vojna a moderná...

Descripción completa

Guardado en:
Detalles Bibliográficos
Autor principal: Volner, Štefan
Formato: Capítulo de libro
Lenguaje:eslovaco
Materias:
Etiquetas: Agregar Etiqueta
Sin Etiquetas, Sea el primero en etiquetar este registro!

MARC

LEADER 00000naa$a2200000$$$4500
001 0067836
005 20231107111757.0
041 0 |a slo 
044 |a SK 
245 1 0 |a Charakter a spôsob vedenia vojny v 21. storočí  |c Štefan Volner 
520 |a Parametre zbraní v 20., 21. storčí. Ničivosť - dosah - rýchlosť - presnosť zbraní na začiatku 21. storočia. Vojna na nepriateľskom území, vojna mimo územia nepriateľských štátov, asymetrický nepriateľ na vlastnom území, spoločné bojisko bez hraníc a bojových línií. Klasická konvenčná vojna a moderná vojna, vojna 21. storočia (kognitívna sieťová vojna). Nová teória bezpečnosti. 
610 2 0 |a vojny 
610 2 0 |a zbrane 
610 2 0 |a vojaci 
100 1 |a Volner, Štefan